[Event "Madrid-ch U16"]
[Site "Madrid"]
[Date "2015.04.25"]
[Round "4"]
[White "Sanchez Caballero, Alvaro"]
[Black "Perez Ordonez, Jose Ramon"]
[Result "0-1"]
[WhiteElo "1688"]
[BlackElo "1788"]
[PlyCount "56"]
[EventDate "2015.04.18"]
[EventType "tourn"]
[EventRounds "7"]
[EventCountry "ESP"]
[SourceTitle "EXT 2018"]
[Source "ChessBase"]
[SourceDate "2017.10.13"]
[SourceVersion "1"]
[SourceVersionDate "2017.10.13"]
[SourceQuality "1"]

1. e4 e5 2. d4 exd4 3. Qxd4 Nc6 4. Qe3 g6 5. Bd2 Bg7 6. Nc3 Nf6 7. 0-0-0 0-0 8. Qg3 Re8 9. f3 a6 10. h4 h5 11. Bg5 d6 12. Qf4 Be6 13. g4 Rc8 14. Nge2 Ne5 15. Bh3 Nxf3 16. gxh5 Nxg5 17. hxg5 Nxh5 18. Qh4 Be5 19. Nd5 c6 20. Bxe6 Rxe6 21. Ndf4 Bxf4+ 22. Nxf4 Rxe4 23. Rdf1 Qa5 24. Qh2 Rxf4 25. Rxf4 Qxg5 26. Rhf1 Nxf4 27. Rxf4 Re8 28. Kd1 Qd5+ 0-1

[Event "Madrid-ch U16"]
[Site "Madrid"]
[Date "2015.04.19"]
[Round "2"]
[White "Sanchez Caballero, Alvaro"]
[Black "Bento Iglesias, Pablo"]
[Result "0-1"]
[WhiteElo "1688"]
[BlackElo "1803"]
[PlyCount "130"]
[EventDate "2015.04.18"]
[EventType "tourn"]
[EventRounds "7"]
[EventCountry "ESP"]
[SourceTitle "EXT 2018"]
[Source "ChessBase"]
[SourceDate "2017.10.13"]
[SourceVersion "1"]
[SourceVersionDate "2017.10.13"]
[SourceQuality "1"]

1. e4 e5 2. d4 exd4 3. Qxd4 Nc6 4. Qe3 d6 5. Bd2 Nf6 6. Nc3 Bd7 7. 0-0-0 Be7 8. f4 0-0 9. h3 Be6 10. g4 d5 11. Nf3 d4 12. Qe1 dxc3 13. Bxc3 Qe8 14. g5 Nd7 15. f5 Bxa2 16. f6 Qd8 17. Qh4 Bc5 18. Qg3 Be3+ 19. Nd2 Bd4 20. Bxd4 Nxd4 21. Nf3 Nxf3 22. Qxf3 Be6 23. Rg1 a5 24. Qh5 a4 25. e5 Bf5 26. Bc4 Bg6 27. Qg4 Nxe5 28. Qf4 Qc8 29. Qxe5 Qf5 30. Qxf5 Bxf5 31. h4 g6 32. Rdf1 Ra5 33. Re1 Rc5 34. Bxf7+ Rxf7 35. Re8+ Rf8 36. Rge1 Bxc2 37. Kd2 Bb3 38. R8e7 Rd8+ 39. Ke3 Bf7 40. Kf3 b5 41. R1e2 Rf5+ 42. Kg4 Rc5 43. Kf3 Rc4 44. R2e3 b4 45. R7e5 Rxh4 46. Ra5 Rh3+ 47. Kf2 Rd2+ 48. Ke1 Rxe3+ 49. Kxd2 Re8 50. Rxa4 c5 51. Ra7 Rd8+ 52. Kc2 Kf8 53. Rc7 Rd5 54. Rc8+ Be8 55. Rc7 Rxg5 56. Rxh7 Rf5 57. Rc7 Bb5 58. b3 Be2 59. Kd2 Bf3 60. Kd3 g5 61. Rg7 g4 62. Re7 g3 63. Re1 g2 64. Rg1 Bd5 65. Ke2 Rxf6 0-1